000 00864nam a2200265 i 4500
001 bg
003 BPK
005 20210825145543.0
008 971010s1989 pl a f f |001 0 pol
015 _aPB 1989/4014
020 _a8321334059
040 _aWA N
_cBPK
080 _a69:728
080 _a(07)
100 1 _aKorzeniewski, Władysław
_eAutor
245 1 0 _aBudownictwo mieszkaniowe :
_bporadnik projektanta /
_cWładysław Korzeniewski.
260 _aWarszawa :
_b"Arkady",
_c1989.
300 _a471, [1] s. :
_brys. ;
_c30 cm.
504 _aBibliogr. przy rozdz. - Indeks.
650 4 _aBudownictwo mieszkaniowe
_xprojekty.
_vprojekty.
655 4 _aPoradnik
710 2 _aWydawnictwo "Arkady".
_4pbl.
856 _uhttp://koha.tu.koszalin.pl/cgi-bin/koha/opac-detail.pl?biblionumber=25216
_yKatalog online BPK
942 _2UKD
_cKS
999 _c25216
_d25216